000
00261nam a2200109Ia 4500
999
_c
8781
_d
8781
020
_a
978-0-324-32139-5
100
_a
Don M.Chance
245
3
_a
An Introduction to Derivatives and Risk Management
260
_a
India
_b
Person
_c
1995
300
_a
591
942
_c
BK